| 000 | 01277nam0a22003251 4500 | ||
|---|---|---|---|
| 001 | rc\3551943 | ||
| 005 | 20190415130608.0 | ||
| 021 |
_aRU _b[74-101654] |
||
| 035 | _a(NLR Aleph) 007675499 | ||
| 090 |
_a6481254 _c6481254 |
||
| 100 | _a20130115d1974 |||y0rusy50 ca | ||
| 101 | 0 | _arus | |
| 102 | _aRU | ||
| 105 | _aa z ||||| | ||
| 200 | 1 |
_aИзмерение шума силовых трансформаторов _fМ-во электротехн. пром-сти. Отд-ние ВНИИЭМ по науч.-техн. информации в электротехнике "Информэлектро" |
|
| 210 |
_aМосква _c[Информэлектро] _d1974 |
||
| 215 |
_a47 с. _cил. _d21 |
||
| 225 | 1 |
_aОбзорная информация _hТС-03 _iТрансформаторы |
|
| 300 | _aАвт. указаны на обороте тит. л. | ||
| 320 | _aСписок лит.: с. 45-46 (20 назв.) | ||
| 606 |
_aШумомеры _2psbo |
||
| 606 |
_aТрансформаторы силовые _xБорьба с шумом _2psbo |
||
| 700 | 1 |
_aВылеток _bО. Н. |
|
| 701 | 1 |
_aЭйнгорн _bИ. Я. |
|
| 801 | 0 |
_aRU _bNLR _gpsbo |
|
| 801 | 1 |
_aRU _bELAR _2rusmarc |
|
| 852 |
_aNLR _j74-6/6504 |
||
| 942 | _cBOOK | ||
| 980 | _aNB | ||